000
00208 a2200097 4500
001
49557
100
_a
Bogorad
245
_a
The college miscellany
260
_a
New York
_b
Rinehart
_c
090
_c
32083
_d
32083
942
_a
NUST-CAE
_c
M
_c
24540
999
_c
284630
_d
284630